000 01132nam0a2200325 4500
001 RU\NLR\bibl\897892
005 20260405172552.0
010 _a5-9567-0044-0
010 _a5-94194-127-7
_94000
021 _aRU
_b2005-80216
_93962
021 _aRU
_b2005-80421
_93972
035 _a(NLR Aleph) 000886346
090 _a1690720
_c1690720
100 _a20060118d2005 |||y0rusy50 ca
101 0 _arus
102 _aRU
105 _aa |||||||||
200 1 _aВаш аквариум от А до Я
_fЕ. Пыльцына
210 _aРостов-на-Дону
_cВладис
_d2005
215 _a638 с., [16] л. цв. ил.
_cил.
_d21
225 1 _aПопулярная энциклопедия
320 _aАлф. указ.: с. 615-622
606 1 _aАквариумное рыбоводство
_jЭнциклопедии
_9938445
_3RU\NLR\auth\6628130
686 _aП729.9я20
700 1 _4070
_8rus
_7ca
_aПыльцына
_bЕ. Е.
_gЕлена Евгеньевна
_3RU\NLR\auth\7774059
_956987
801 0 _aRU
_bNLR
_c20060118
_grcr
801 1 _aRU
_bNLR
_c20060118
942 _cBOOK
980 _aNB